000 00432nam a2200181Ia 4500
001 13731
005 20260306164822.0
008 260306t2007||||xx |||||||||||||| ||spa||
041 _aESP
082 _a005.3
_bM86
100 _aMoore, Holly
_eAUT
245 0 _aMATLAB para ingenieros
260 _c2007
300 _axiii, 608 páginas :
_cil., gráfs, diagrs.
650 _aGEN
654 _aCCC
942 _cLIB
_dJUS
_fJUS
_2ddc
_n
999 _c13731
_d13731